000 00483nam a2200181Ia 4500
001 3539
005 20260306145651.0
008 260306t1986||||xx |||||||||||||| ||spa||
041 _aESP
082 _a288.6
_bC243
100 _aCierva, Ricardo De La
_eAUT
245 0 _aJesuitas, iglesia y marxismo 1965-1985:
_bLa teología de la liberación desenmascarada
260 _c1986
300 _a538 páginas :
_c21 cm.
650 _aGEN
654 _aCHU
942 _cLIB
_dJUS
_fJUS
_2ddc
_n
999 _c3539
_d3539